Использование двигателей последовательного возбуждения в релейно-импульсных следящих системах; Тезисы докладов четвертой научно-технической конференции по вопросам автоматизации производства (13-16 мая 1963 г.)

Bibliographische Detailangaben
Parent link:Тезисы докладов четвертой научно-технической конференции по вопросам автоматизации производства (13-16 мая 1963 г.).— 1965.— С. 12
1. Verfasser: Бейнарович В. А.
Sprache:Russisch
Veröffentlicht: 1965
Schlagworte:
Format: MixedMaterials Buchkapitel
KOHA link:https://koha.lib.tpu.ru/cgi-bin/koha/opac-detail.pl?biblionumber=592458

MARC

LEADER 00000naa0a2200000 4500
001 592458
005 20250828162632.0
035 |a (RuTPU)RU\TPU\tpu\4564 
035 |a TPU00004564 
090 |a 592458 
100 |a 20011210d1965 k||y0rusy50 ca 
101 0 |a rus 
102 |a RU 
200 1 |a Использование двигателей последовательного возбуждения в релейно-импульсных следящих системах  |f В. А. Бейнарович 
463 1 |t Тезисы докладов четвертой научно-технической конференции по вопросам автоматизации производства (13-16 мая 1963 г.)  |v С. 12  |d 1965 
610 1 |a электрические машины 
610 1 |a труды учёных ТПУ 
610 1 |a электропривод 
700 1 |a Бейнарович  |b В. А. 
801 0 |a RU  |b 63413507  |c 20011210  |g PSBO 
801 2 |a RU  |b 63413507  |c 20071218  |g PSBO 
942 |c BK